Đa dạng phiêu sinh thực vật trong và ngoài đê bao khép kín huyện Chợ Mới và Phú Tân tỉnh An Giang sau mùa lũ năm 2014 : Luận văn tốt nghiệp Cao học. Chuyên ngành Khoa học môi trường

Đề tài so sánh đa dạng phiêu sinh thực vật giữa hai khu vực khảo sát thuộc trong và ngoài đê bao khép kín của huyện Chợ Mới và Phú Tân, nhằm làm cơ sở cho việc đánh giá tác động của việc bao đê đến các loài phiêu sinh thực vật ở khu vực...

Deskribapen osoa

Gorde:
Xehetasun bibliografikoak
Egile nagusia: Nguyễn, Hân Nhi
Formatua: Liburua
Hizkuntza:Undetermined
Argitaratua: Cần Thơ Trường Đại học Cần Thơ 2015
Gaiak:
Etiketak: Etiketa erantsi
Etiketarik gabe, Izan zaitez lehena erregistro honi etiketa jartzen!
Thư viện lưu trữ: Trung tâm Học liệu Trường Đại học Cần Thơ
LEADER 01279nam a2200217Ia 4500
001 CTU_206006
008 210402s9999 xx 000 0 und d
082 |a 579 
082 |b Nh300 
088 |a 60440301 
100 |a Nguyễn, Hân Nhi 
245 0 |a Đa dạng phiêu sinh thực vật trong và ngoài đê bao khép kín huyện Chợ Mới và Phú Tân tỉnh An Giang sau mùa lũ năm 2014 : 
245 0 |b Luận văn tốt nghiệp Cao học. Chuyên ngành Khoa học môi trường 
245 0 |c Nguyễn Hân Nhi ; Nguyễn Hữu Chiếm (Cán bộ hướng dẫn) 
260 |a Cần Thơ 
260 |b Trường Đại học Cần Thơ 
260 |c 2015 
520 |a Đề tài so sánh đa dạng phiêu sinh thực vật giữa hai khu vực khảo sát thuộc trong và ngoài đê bao khép kín của huyện Chợ Mới và Phú Tân, nhằm làm cơ sở cho việc đánh giá tác động của việc bao đê đến các loài phiêu sinh thực vật ở khu vực trong đê bao. 
650 |a Phytoplankton,Thực vật phiêu sinh 
904 |i Hải 
980 |a Trung tâm Học liệu Trường Đại học Cần Thơ